Normal view
MARC view
Entry Personal Name
001 - CONTROL NUMBER
- control field: 23396
003 - CONTROL NUMBER IDENTIFIER
- control field: ARRUPE
005 - DATE AND TIME OF LATEST TRANSACTION
- control field: 20160323153100.0
008 - FIXED-LENGTH DATA ELEMENTS
- fixed length control field: 160323|| aca||aabn | a|a d
040 ## - CATALOGING SOURCE
- Original cataloging agency: ARRUPE
- Transcribing agency: ARRUPE
100 ## - HEADING--PERSONAL NAME
- Personal name: Ceclon, Claudius
670 ## - SOURCE DATA FOUND
- Source citation: Work cat.: (ARRUPE)124467: Claudius (Claudius Ceccon) 23296, Once upon a time-- :, c1983.